NIVEL DE DOMINIO DE LOS CONTENIDOS DEL CURRICULUM VIGENTE DE EDUCACION BÇASICA EN EL AREA DE LENGUA ESPAÑOLA POR PARTE DE LOS Y LAS DOCENTES DE LOS CENTROS EDUCATIVOS DE LA ZONA URBANA DEL DISTRITO EDUCATIVO 18 01 DE NEYBA (Record no. 382)
[ view plain ]
| 000 -LEADER | |
|---|---|
| campo de control de longitud fija | 01097nam a22002057a 4500 |
| 001 - NÚMERO DE CONTROL | |
| campo de control | 1407 |
| 005 - FECHA Y HORA DE LA ÚLTIMA TRANSACCIÓN | |
| campo de control | 20250522045537.0 |
| 008 - DATOS DE LONGITUD FIJA--INFORMACIÓN GENERAL | |
| campo de control de longitud fija | 5230202009 dr a |
| 090 ## - LOCALMENTE ASIGNADO TIPO-LC NÚMERO DE CLASIFICACIÓN (OCLC); NÚMERO DE CLASIFICACIÓN LOCAL (RLIN) | |
| Número de clasificación (OCLC) (R) ; Numero de clasificación, CALL (RLIN) (NR) | EDU 2009-032 |
| 100 ## - ENTRADA PRINCIPAL--NOMBRE DE PERSONA | |
| Nombre de persona | DIAZ CUEVAS, TERESA |
| 245 ## - MENCIÓN DEL TÍTULO | |
| Título | NIVEL DE DOMINIO DE LOS CONTENIDOS DEL CURRICULUM VIGENTE DE EDUCACION BÇASICA EN EL AREA DE LENGUA ESPAÑOLA POR PARTE DE LOS Y LAS DOCENTES DE LOS CENTROS EDUCATIVOS DE LA ZONA URBANA DEL DISTRITO EDUCATIVO 18 01 DE NEYBA |
| Mención de responsabilidad, etc. | Teresa Díaz Cuevas, Austria Josefina Sena C., Enerolina Labour Mateo, Criseida Cuevas Pérez. |
| 260 ## - PUBLICACIÓN, DISTRIBUCIÓN, ETC. | |
| Lugar de publicación, distribución, etc. | Barahona : |
| Nombre del editor, distribuidor, etc. | UNIVERSIDAD CATOLICA TECNOLOGICA DE BARAHONA |
| 300 ## - DESCRIPCIÓN FÍSICA | |
| Extensión | vi, 111, [30]h : |
| Otros detalles físicos | il. |
| 502 ## - NOTA DE TESIS | |
| Nota de tesis | Tesis (Lic. en Educación Básica). -- UCATEBA |
| 504 ## - NOTA DE BIBLIOGRAFÍA, ETC. | |
| Nota de bibliografía, etc. Nota | Incluye Bibliografía |
| 650 ## - PUNTO DE ACCESO ADICIONAL DE MATERIA--TÉRMINO DE MATERIA | |
| Término de materia o nombre geográfico como elemento de entrada | 1 NIVEL DE DOMINIO DEL CONTENIDO DEL CURRICULUM VIGENTE EN EL AREA DE LENGUA ESPAÑOLA 2 DOMINIO DE CONTENIDO POR PARTE DE LOS DOCENTE EN EL AREA DE LENGUA ESPAÑOLA |
| 700 ## - ENTRADA AGREGADA--NOMBRE PERSONAL | |
| Nombre de persona | I.SENA C., AUSTRIA JOSEFINA, COAUT |
| 700 ## - ENTRADA AGREGADA--NOMBRE PERSONAL | |
| Nombre de persona | II.LABOUR MATEO, ENEROLINA. COAUT |
| 700 ## - ENTRADA AGREGADA--NOMBRE PERSONAL | |
| Nombre de persona | III.CUEVAS PEREZ, CRISEIDA, COAUT |
| Estatus retirado | Estado de pérdida | Estado de daño | No para préstamo | Colección | Biblioteca de origen | Biblioteca actual | Fecha de adquisición | Total de préstamos | Signatura topográfica completa | Código de barras | Visto por última vez | Copia número | Precio de reemplazo | Tipo de ítem Koha |
|---|---|---|---|---|---|---|---|---|---|---|---|---|---|---|
| Acervo general de Libros | Biblioteca Central Mons. Favio M. Rivas S. | Biblioteca Central Mons. Favio M. Rivas S. | 19/03/2013 | EDU 2009-032 | 000000000448 | 23/05/2025 | 1 | 23/05/2025 | Tesis | |||||
| Acervo general de Libros | Biblioteca Central Mons. Favio M. Rivas S. | Biblioteca Central Mons. Favio M. Rivas S. | 19/10/2015 | EDU 2009-032 | 000000004102 | 23/05/2025 | 2 | 23/05/2025 | Tesis |
